000 00514nam a2200181Ia 4500
001 21230
005 20260306172904.0
008 260306t2016||||xx |||||||||||||| ||spa||
041 _aESP
082 _a344.3
_bC94
100 _aCubas Villanueva, Víctor
_eAUT
245 0 _aLos actos de investigación contra el crimen organizado:
_bagente encubierto, entrega vigilada y videovigilancia
260 _c2016
300 _a575 páginas :
_c24 cm.
650 _aGEN
654 _aCDE
942 _cLIB
_dJUS
_fJUS
_2ddc
_n
999 _c21230
_d21230